000 00657nam a2200217Ii 4500
003 JO-AjNU
008 230605s9999||||xx |||||||||||||| ||und||
017 _a2012/12/4538
020 _a978-9957-49-028-7
040 _aJO-AjNU
_bara
_erda
_cJO-AjNU
041 _aara
050 1 4 _aPJ7541 2013
100 3 _aمحاسنة، سيف الدين,
_eauthor
_948728
245 0 0 _aسيرة الكائن
264 3 1 _aعمان: وزارة الثقافة، 2013
300 _a181ص
336 _atext
_btxt
_2rdacontent
337 _aunmediated
_bn
_2rdamedia
338 _avolume
_bnc
_2rdacarrier
650 4 _aادب عربي - مقالات 1998-2010
_948729
999 _aA21359
_c24927
_d24927